Famous landmarks - South America - Statistics

General Stats
  • This quiz has been taken 37 times
  • The average score is 6 of 15
Answer Stats
Picture Answer % Correct
Macchu Picchu
81%
Angel Falls
74%
Christ the Redeemer
74%
Easter Island
74%
Iguazu Falls
61%
Galapagos Islands
48%
Sugar Loaf
45%
Aconcagua
26%
Atacama Desert
26%
Amazon Rainforest
19%
Tierra del Fuego
19%
Perito Moreno Glacier
6%
Laguna Verde
3%
Mount Roraima
3%
Torres del Paine
0%
No matching quizzes found
Score Distribution
Percent of People with Each Score
Percentile by Number Answered
Your Score History
You have not taken this quiz